[Event "Las Vegas"]
[Site "?"]
[Date "2000.??.??"]
[Round "?"]
[White "Hodgson, Ju"]
[Black "Mikhalevski, V."]
[Result "1/2-1/2"]
[WhiteElo "2625"]
[BlackElo "2495"]
[PlyCount "59"]
[EventDate "2000.??.??"]
[Source "Chess Informant"]
[SourceDate "2000.10.01"]

1. d4 d5 2. Bg5 h6 3. Bh4 c6 4. Nf3 Qb6 5. b3 Bf5 6. e3 Nd7 7. Bd3 Bxd3 8. Qxd3 e6 9. O-O Be7 10. Bxe7 Nxe7 11. c4 c5 12. Nc3 cxd4 13. exd4 Qa6 14. Nb5 Rc8 15. c5 O-O 16. Rfd1 Nc6 17. Nd6 Qxd3 18. Rxd3 Rb8 19. a3 a5 20. b4 b6 21. b5 Nxd4 22. c6 Nxf3+ 23. Rxf3 Nc5 24. Rc1 Rbd8 25. Nxf7 Rxf7 26. Rxf7 Kxf7 27. Rxc5 bxc5 28. c7 Ke7 29. cxd8=Q+ Kxd8 30. a4 1/2-1/2